God universe and man : the holy quran and the hereafter

Bibliographic Details
Main Author: Khan, Fateh Ullah , 1925- (Author)
Format: Book
Language:English
Published: New Delhi, India : Kitab Bhavan , 1999
Subjects:

MARC

LEADER 00000cam a2200000 7i4500
001 0000076913
005 20220117093000.0
008 111212s1999 ii eng
020 |a 8171512615 
020 |a 9788171512614 
050 0 0 |a BP134.S3   |b K47 1999 
090 0 0 |a BP134.S3   |b K47 1999 
100 1 |a Khan, Fateh Ullah ,   |d 1925- ,   |e author 
245 1 0 |a God universe and man :   |b the holy quran and the hereafter   |c Fateh Ullah Khan 
260 |a New Delhi, India :   |b Kitab Bhavan ,   |c 1999 
300 |a xxiv, 360 p. :   |b ill. ;   |c 24 cm. 
504 |a Includes bibliographical references (p. 353-357) and index 
630 0 0 |a Qur'an   |x Evidences, authority, etc. 
650 0 |a Qur'an and science 
999 |a 1000145100   |b Book   |c OPEN SHELF (30 DAYS)   |e Gong Badak Campus